Diccionario geográfico universal pintoresco

שמור ב:
מידע ביבליוגרפי
פורמט: ספר
שפה:ספרדית
יצא לאור: Barcelona Imprenta de la Viuda de Mayol 1845
נושאים:
תגים: הוספת תג
אין תגיות, היה/י הראשונ/ה לתייג את הרשומה!

MARC

LEADER 00000nam a2200000 a 4500
001 UCH2809
003 CL-VaPUC
008 090702e18450000SP |||||||||||||||||spa|d
082 0 4 |a 910.3  |b DIC  |2 21 
245 1 0 |a Diccionario geográfico universal pintoresco 
300 |a 673 p 
942 |c BK 
945 |d 20090702 00:00:00  |a rbrito 
260 |a Barcelona  |b Imprenta de la Viuda de Mayol  |c 1845 
650 7 |a DICCIONARIO GEOGRAFICO UNIVERSAL  |2 CL-VaPUC  |9 537876 
583 |a last modification  |c 20090702 00:00:00  |k Rodrigo Vera 
999 |c 334501  |d 334499 
952 |0 0  |1 0  |4 0  |6 910_300000000000000_DIC_1845  |7 0  |8 X  |9 423580  |a FDOBUD  |b FDOBUD  |d 2019-11-22  |i 4568109  |o 910.3 DIC 1845  |p 4568109  |r 2019-11-22  |w 2019-11-22  |y BK_X  |k BUD